000 00277nam a22001337a 4500
008 181005b xxu||||| |||| 00| 0 eng d
020 _a9780071746540
041 _aeng
080 _a573
100 _a11
101 _aBIO
245 _aBiology
_cFried, G.H
942 _2udc
_cBK
999 _c48923
_d48923